书目信息 |
| 题名: |
常识
|
|
| 作者: | 梁文道 著 | |
| 分册: | ||
| 出版信息: | 桂林 广西师范大学出版社 2009 |
|
| 页数: | 367页 | |
| 开本: | 23cm | |
| 丛书名: | ||
| 单 册: | ||
| 中图分类: | D609.9 | |
| 科图分类: | ||
| 主题词: | 时事评论--中国--现代--选集 , 时事评论 | |
| 电子资源: | ||
| ISBN: | 978-7-5633-7963-7 | |
| 000 | 00884nam0 2200253 45 | |
| 001 | 1129219531 | |
| 005 | 20110420101535.08 | |
| 010 | @a978-7-5633-7963-7@dCNY38.00 | |
| 100 | @a20110414d2009 em y0chiy50 ea | |
| 101 | 0 | @achi |
| 102 | @aCN@b450000 | |
| 105 | @ay z 000yy | |
| 106 | @ar | |
| 200 | 1 | @a常识@AChang Shi@dCommon sense@f梁文道[著]@FLiang Wen Dao [ Zhu ]@zeng |
| 210 | @a桂林@c广西师范大学出版社@d2009 | |
| 215 | @a367页@d23cm | |
| 330 | @a本书作者近两年来撰写的时评文字结集,谈及政治、民主、民族、教育、新闻自由、公民道德等社会诸多方面。文字风格犀利,文章主旨清晰、论述简洁有力,一针见血命中问题之要害,催人省思,给人启示。 | |
| 510 | 1 | @aCommon sense@zeng |
| 606 | 0 | @a时事评论@y中国@z现代@j选集 |
| 606 | 0 | @a时事评论 |
| 690 | @aD609.9@v4 | |
| 701 | 0 | @a梁文道@ALiang Wen Dao@4著 |
| 801 | 0 | @aCN@bTANGWEI@c20110420 |
| 905 | @b0537288-92@dD609.9@e102@f5 | |
| 常识=Common sense/梁文道[著].-桂林:广西师范大学出版社,2009 |
| 367页;23cm |
| ISBN 978-7-5633-7963-7:CNY38.00 |
| 本书作者近两年来撰写的时评文字结集,谈及政治、民主、民族、教育、新闻自由、公民道德等社会诸多方面。文字风格犀利,文章主旨清晰、论述简洁有力,一针见血命中问题之要害,催人省思,给人启示。 |
| ● |
| 相关链接 |
|
|
|
|
正题名:常识
索取号:D609.9/102
 
预约/预借
| 序号 | 登录号 | 条形码 | 馆藏地/架位号 | 状态 | 备注 |
| 1 | 0537288 | 205372880 | 第一样本阅览室/ [索取号:D609.9/102] | 在馆 | |
| 2 | 0537289 | 205372899 | 第一借阅区/ [索取号:D609.9/102] | 在馆 | |
| 3 | 0537290 | 205372906 | 第一借阅区/ [索取号:D609.9/102] | 在馆 | |
| 4 | 0537291 | 205372915 | 第一借阅区/ [索取号:D609.9/102] | 在馆 | |
| 5 | 0537292 | 205372924 | 第一借阅区/ [索取号:D609.9/102] | 在馆 |